| 000 | 00387nam a2200169Ia 4500 | ||
|---|---|---|---|
| 008 | 221030s9999 xx 000 0 und d | ||
| 020 | _a8120327888 | ||
| 041 | _aEnglish | ||
| 082 |
_a105.23 _bJos |
||
| 100 | _aSujata Pandey | ||
| 245 | 0 |
_aMultimedia _cby Sujata Pandey |
|
| 250 | _a2nd | ||
| 260 |
_bPHI _aNew Delhi _c2006 |
||
| 300 | _a313 | ||
| 650 | _aCSE Departmental | ||
| 942 | _cBK | ||
| 999 |
_c495 _d495 |
||